[Event "RN-2014-0-00770"]
[Site "LSS email"]
[Date "2014.02.27"]
[Round "?"]
[White "Oginski, Krzysztof"]
[Black "Goti, Javier"]
[Result "1-0"]
[WhiteElo "885"]
[BlackElo "725"]
[PlyCount "49"]
[EventDate "2014.02.18"]
[EventType "tourn (corr)"]
[EventRounds "6"]
[EventCountry "GER"]
[SourceTitle "Telechess CBM 167"]
[Source "ChessBase"]
[SourceDate "2015.07.13"]
[SourceVersion "1"]
[SourceVersionDate "2015.07.13"]
[SourceQuality "1"]

1. e4 c5 2. Nf3 Nc6 3. d4 cxd4 4. Nxd4 g6 5. Nc3 Bg7 6. Be3 e6 7. Bc4 Nge7 8. Bb3 0-0 9. Qd2 Ne5 10. 0-0-0 b6 11. Ndb5 d5 12. exd5 exd5 13. Nxd5 Nxd5 14. Bxd5 Rb8 15. Bf4 Bf5 16. Nd6 Be6 17. Bxe6 fxe6 18. Rhe1 Nf7 19. Nxf7 Qxd2+ 20. Rxd2 Kxf7 21. Bxb8 Rxb8 22. Rd7+ Kg8 23. Rxe6 Bh6+ 24. Kd1 a5 25. Ree7 1-0

[Event "RN-2014-0-00770"]
[Site "LSS email"]
[Date "2014.02.26"]
[Round "?"]
[White "Fridich St, Vaclav"]
[Black "Oginski, Krzysztof"]
[Result "1/2-1/2"]
[WhiteElo "1138"]
[BlackElo "1042"]
[PlyCount "21"]
[EventDate "2014.02.18"]
[EventType "tourn (corr)"]
[EventRounds "6"]
[EventCountry "GER"]
[SourceTitle "Corr 2022"]
[Source "ChessBase"]
[SourceDate "2021.10.24"]
[SourceVersion "1"]
[SourceVersionDate "2021.10.24"]
[SourceQuality "1"]

1. e4 c5 2. f4 d5 3. exd5 Nf6 4. c4 e6 5. dxe6 Bxe6 6. Qe2 Nc6 7. Nf3 Be7 8. Ng5 Bg4 9. Nf3 Nd4 10. Qd1 Nh5 11. Qa4+ 1/2-1/2

[Event "RN-2014-0-00770"]
[Site "LSS email"]
[Date "2014.02.26"]
[Round "?"]
[White "Oginski, Krzysztof"]
[Black "Bester, Kazimierz"]
[Result "1-0"]
[WhiteElo "885"]
[BlackElo "726"]
[PlyCount "71"]
[EventDate "2014.02.18"]
[EventType "tourn (corr)"]
[EventRounds "6"]
[EventCountry "GER"]
[SourceTitle "Telechess CBM 167"]
[Source "ChessBase"]
[SourceDate "2015.07.13"]
[SourceVersion "1"]
[SourceVersionDate "2015.07.13"]
[SourceQuality "1"]

1. e4 d5 2. exd5 Qxd5 3. Nc3 Qa5 4. d4 Nf6 5. Bc4 Ne4 6. Qf3 Bf5 7. Bd3 Nxc3 8. Qxb7 Ne4+ 9. b4 Qa4 10. Bb5+ Qxb5 11. Qxb5+ Bd7 12. Qd3 Nd6 13. Nf3 Bc6 14. c4 Be4 15. Qc3 e6 16. 0-0 Be7 17. Bg5 f6 18. Bf4 0-0 19. c5 Nb5 20. Qb3 Bd5 21. Qd3 a6 22. a4 Na7 23. Bxc7 Nbc6 24. Rab1 f5 25. b5 axb5 26. axb5 Be4 27. Qe2 Nd8 28. Ra1 Nf7 29. Bb6 Nc8 30. Rxa8 Bxa8 31. Qxe6 Bxf3 32. gxf3 Kh8 33. Qd7 Ng5 34. Kg2 h5 35. Bc7 Nh7 36. b6 1-0

[Event "OP-2014-0-03289"]
[Site "LSS email"]
[Date "2014.02.12"]
[Round "?"]
[White "Linart, Ludvik"]
[Black "Oginski, Krzysztof"]
[Result "0-1"]
[WhiteElo "875"]
[BlackElo "885"]
[PlyCount "48"]
[EventDate "2014.02.09"]
[EventType "tourn (corr)"]
[EventRounds "4"]
[EventCountry "GER"]
[SourceTitle "Telechess CBM 167"]
[Source "ChessBase"]
[SourceDate "2015.07.13"]
[SourceVersion "1"]
[SourceVersionDate "2015.07.13"]
[SourceQuality "1"]

1. d4 Nf6 2. c4 g6 3. Nc3 Bg7 4. e4 d6 5. Bd3 0-0 6. Nge2 Nc6 7. Be3 Ng4 8. 0-0 Nxe3 9. fxe3 Nb4 10. Bb1 Nc6 11. Ng3 e5 12. d5 Ne7 13. Bd3 c6 14. Qe2 Bd7 15. b4 cxd5 16. cxd5 Rc8 17. Nb5 Bxb5 18. Bxb5 a6 19. Ba4 Qb6 20. a3 Rc3 21. Rfe1 Bh6 22. Nf1 Rfc8 23. Qd2 R8c4 24. Kf2 Qc7 0-1

[Event "LSS No Engine Cup 22 Preliminary 3"]
[Site "LSS email"]
[Date "2010.05.19"]
[Round "?"]
[White "Oginski, Krzysztof"]
[Black "Jokmin, Guido"]
[Result "0-1"]
[WhiteElo "1793"]
[BlackElo "571"]
[PlyCount "24"]
[EventDate "2010.05.20"]
[EventType "tourn (corr)"]
[EventRounds "6"]
[EventCountry "GER"]
[SourceTitle "Corr 2015"]
[Source "ChessBase"]
[SourceDate "2015.07.17"]
[SourceVersion "1"]
[SourceVersionDate "2015.07.17"]
[SourceQuality "1"]

1. e4 e5 2. Nf3 Nf6 3. Nxe5 d6 4. Nf3 Nxe4 5. d4 Be7 6. Bd3 Nf6 7. 0-0 0-0 8. h3 b6 9. Nc3 Ba6 10. Bxa6 Nxa6 11. a3 d5 12. Re1 c6 0-1

[Event "LSS No Engine Cup 21 Preliminary 3"]
[Site "LSS email"]
[Date "2010.05.03"]
[Round "?"]
[White "Molina, Vicente Andres"]
[Black "Oginski, Krzysztof"]
[Result "1-0"]
[WhiteElo "814"]
[BlackElo "1793"]
[PlyCount "23"]
[EventDate "2010.05.04"]
[EventType "tourn (corr)"]
[EventRounds "6"]
[EventCountry "GER"]
[SourceTitle "Corr 2015"]
[Source "ChessBase"]
[SourceDate "2015.07.17"]
[SourceVersion "1"]
[SourceVersionDate "2015.07.17"]
[SourceQuality "1"]

1. c4 Nf6 2. Nc3 g6 3. g3 Bg7 4. Bg2 0-0 5. e4 d6 6. d4 c5 7. Nge2 Nbd7 8. 0-0 cxd4 9. Nxd4 Ne5 10. b3 Bd7 11. Bb2 Rc8 12. Nd5 1-0

[Event "LSS No Engine Cup 21 Preliminary 3"]
[Site "LSS email"]
[Date "2010.05.03"]
[Round "?"]
[White "Oginski, Krzysztof"]
[Black "Peetoom, Frank F"]
[Result "1-0"]
[WhiteElo "1793"]
[BlackElo "1333"]
[PlyCount "42"]
[EventDate "2010.05.04"]
[EventType "tourn (corr)"]
[EventRounds "6"]
[EventCountry "GER"]
[SourceTitle "Telechess CBM 147"]
[Source "ChessBase"]
[SourceDate "2012.03.16"]
[SourceVersion "1"]
[SourceVersionDate "2012.03.16"]
[SourceQuality "1"]

1. e4 c5 2. Nf3 Nc6 3. d4 cxd4 4. Nxd4 g6 5. Nc3 Bg7 6. Be3 a6 7. Be2 Nf6 8. Qd2 d6 9. 0-0-0 0-0 10. f4 Bg4 11. h3 Bxe2 12. Ncxe2 Nxe4 13. Qd3 Nxd4 14. Nxd4 Nc5 15. Qe2 e5 16. fxe5 Bxe5 17. Nf3 Re8 18. Qf2 Qb6 19. c3 Qc7 20. Nxe5 Rxe5 21. Bxc5 Rxc5 1-0

[Event "LSS No Engine Cup 19 Preliminary 1"]
[Site "LSS email"]
[Date "2010.03.22"]
[Round "?"]
[White "Oginski, Krzysztof"]
[Black "Van Esbroeck, Jeff"]
[Result "1/2-1/2"]
[WhiteElo "1793"]
[BlackElo "1420"]
[PlyCount "31"]
[EventDate "2010.03.23"]
[EventType "tourn (corr)"]
[EventRounds "6"]
[EventCountry "GER"]
[SourceTitle "Corr 2013"]
[Source "ChessBase"]
[SourceDate "2012.11.12"]
[SourceVersion "1"]
[SourceVersionDate "2012.11.12"]
[SourceQuality "1"]

1. e4 e5 2. f4 exf4 3. Bc4 Bc5 4. d4 Bb4+ 5. c3 Be7 6. Nf3 Nf6 7. Ng5 0-0 8. Bxf4 d5 9. exd5 Nxd5 10. Bxd5 Qxd5 11. Qf3 Qf5 12. Nh3 Qe6+ 13. Kf2 Qb6 14. b4 c5 15. dxc5 Qc6 16. Qxc6 1/2-1/2

[Event "LSS No Engine Cup 17 Preliminary 5"]
[Site "LSS email"]
[Date "2010.02.21"]
[Round "?"]
[White "Neumann, Ulrich"]
[Black "Oginski, Krzysztof"]
[Result "1-0"]
[WhiteElo "1535"]
[BlackElo "1793"]
[PlyCount "69"]
[EventDate "2010.02.22"]
[EventType "tourn (corr)"]
[EventRounds "6"]
[EventCountry "GER"]
[SourceTitle "Telechess CBM 147"]
[Source "ChessBase"]
[SourceDate "2012.03.16"]
[SourceVersion "1"]
[SourceVersionDate "2012.03.16"]
[SourceQuality "1"]

1. e4 c5 2. Nf3 d6 3. d4 cxd4 4. Bb5+ Bd7 5. Bxd7+ Qxd7 6. Nxd4 Nf6 7. Nc3 Nc6 8. Be3 g6 9. 0-0 Bg7 10. f3 0-0 11. Qd2 Nxd4 12. Bxd4 a6 13. Rad1 Rfd8 14. Bxf6 Bxf6 15. Nd5 Qb5 16. Nxf6+ exf6 17. Qd4 Qc5 18. Rf2 Qxd4 19. Rxd4 Rac8 20. Rfd2 Rc6 21. g4 Kf8 22. Rd5 Ke7 23. h4 Rc5 24. c3 Rxd5 25. Rxd5 Ke6 26. Kf2 Rd7 27. Ke3 h6 28. a4 g5 29. f4 gxh4 30. Rh5 Rc7 31. Kd4 Rc6 32. Rxh4 Rb6 33. b4 Rc6 34. Rxh6 b6 35. g5 1-0

[Event "LSS No Engine Cup 16 Preliminary 6"]
[Site "LSS email"]
[Date "2010.02.07"]
[Round "?"]
[White "Brough, Carl"]
[Black "Oginski, Krzysztof"]
[Result "1/2-1/2"]
[WhiteElo "593"]
[BlackElo "1793"]
[PlyCount "62"]
[EventDate "2010.02.08"]
[EventType "tourn (corr)"]
[EventRounds "6"]
[EventCountry "GER"]
[SourceTitle "Telechess CBM 147"]
[Source "ChessBase"]
[SourceDate "2012.03.16"]
[SourceVersion "1"]
[SourceVersionDate "2012.03.16"]
[SourceQuality "1"]

1. e4 c5 2. Nf3 d6 3. d4 cxd4 4. Nxd4 Nf6 5. Nc3 a6 6. g3 Nc6 7. Be3 g6 8. Be2 Bg7 9. Qd2 Nxd4 10. Bxd4 0-0 11. 0-0-0 Bg4 12. h3 Bxe2 13. Qxe2 Rc8 14. f4 Nd7 15. Bxg7 Kxg7 16. f5 Ne5 17. h4 Qa5 18. h5 b5 19. hxg6 fxg6 20. fxg6 hxg6 21. Qe3 b4 22. Rdf1 Rxf1+ 23. Rxf1 bxc3 24. Qf4 cxb2+ 25. Kb1 Qc3 26. Rf2 Rb8 27. Rf1 Qc4 28. Rh1 Rh8 29. Rxh8 Kxh8 30. Qf8+ Kh7 31. Qxe7+ Kh6 1/2-1/2

[Event "LSS No Engine Cup 13 Preliminary 1"]
[Site "LSS email"]
[Date "2009.12.27"]
[Round "?"]
[White "Fernandez, German"]
[Black "Oginski, Krzysztof"]
[Result "1-0"]
[WhiteElo "924"]
[BlackElo "1793"]
[PlyCount "77"]
[EventDate "2009.12.28"]
[EventType "tourn (corr)"]
[EventRounds "6"]
[EventCountry "GER"]
[SourceTitle "Telechess CBM 147"]
[Source "ChessBase"]
[SourceDate "2012.03.16"]
[SourceVersion "1"]
[SourceVersionDate "2012.03.16"]
[SourceQuality "1"]

1. Nf3 d5 2. g3 Nf6 3. Bg2 e6 4. 0-0 b6 5. d4 Bb7 6. c4 Be7 7. Nc3 0-0 8. Ne5 Nbd7 9. cxd5 Nxd5 10. Nxd5 Bxd5 11. Bxd5 exd5 12. Nc6 Qe8 13. Nxe7+ Qxe7 14. Bf4 Rac8 15. Rc1 Nf6 16. Be5 Ne4 17. f3 Nf6 18. Qa4 a5 19. Bxf6 Qxf6 20. Qc6 Qxc6 21. Rxc6 Rfe8 22. Kf2 Re6 23. Rfc1 Kf8 24. Rxc7 Rxc7 25. Rxc7 Rd6 26. a4 Ke8 27. Ke3 Re6+ 28. Kd3 g6 29. e4 dxe4+ 30. fxe4 h5 31. e5 Re7 32. Rxe7+ Kxe7 33. Ke4 Ke6 34. d5+ Ke7 35. h4 Kd7 36. Kf4 Ke7 37. Kg5 Kd7 38. Kf6 Ke8 39. e6 1-0

[Event "LSS No Engine Cup 13 Preliminary 1"]
[Site "LSS email"]
[Date "2009.12.27"]
[Round "?"]
[White "Kaufmann, Michael"]
[Black "Oginski, Krzysztof"]
[Result "1-0"]
[WhiteElo "1791"]
[BlackElo "1793"]
[PlyCount "89"]
[EventDate "2009.12.28"]
[EventType "tourn (corr)"]
[EventRounds "6"]
[EventCountry "GER"]
[SourceTitle "Telechess CBM 147"]
[Source "ChessBase"]
[SourceDate "2012.03.16"]
[SourceVersion "1"]
[SourceVersionDate "2012.03.16"]
[SourceQuality "1"]

1. c4 Nf6 2. Nf3 g6 3. d4 d6 4. Nc3 Bg7 5. g3 0-0 6. Bg2 c6 7. 0-0 Nbd7 8. e4 e5 9. h3 exd4 10. Nxd4 Ne5 11. b3 c5 12. Ndb5 Ne8 13. f4 Nc6 14. Qd3 a6 15. Na3 b6 16. Nc2 Qc7 17. Be3 Bb7 18. Rad1 Rd8 19. Nd5 Qb8 20. Nxb6 Qa7 21. Nd5 Bc8 22. Bd2 Nc7 23. Kh2 Nxd5 24. exd5 Ne7 25. Rde1 Rde8 26. Bc3 Bf5 27. Qd2 Bxc3 28. Qxc3 Bxc2 29. Qxc2 Nf5 30. Qc3 Qc7 31. Rxe8 Rxe8 32. Re1 Rxe1 33. Qxe1 Qe7 34. Qxe7 Nxe7 35. Be4 f5 36. Bd3 Kf7 37. g4 fxg4 38. hxg4 Kf6 39. g5+ Kf7 40. Kg3 a5 41. Kg4 Kg7 42. f5 gxf5+ 43. Bxf5 Nxf5 44. Kxf5 Kf7 45. a3 1-0